| 000 | 00636nam a22002537a 4500 | ||
|---|---|---|---|
| 003 | UA-OsUOA | ||
| 001 | 32880 | ||
| 007 | ta | ||
| 008 | 20050215b un ||||| |||| 00| 0 ukr d | ||
| 100 | _aЧижова Л. П. | ||
| 090 |
_a33:311 _bЧ-59 |
||
| 942 | _cBK | ||
| 040 |
_aUA-OsUOA _brus _cUA-OsUOA _dUA-OsUOA |
||
| 245 |
_aПрактикум по социально-экономичемкой статистике _bУчеб. пособие |
||
| 300 | _a188 с. | ||
| 955 | _a0 | ||
| 041 | _arus | ||
| 080 | _a33:311 | ||
| 020 | _a5-94798-193-9 | ||
| 260 |
_aМ. _c2003 |
||
| 044 | _aRU | ||
| 650 | 7 | _2UDC | |
| 999 |
_c319333 _d319333 |
||